[Event "Dortmund SuperGM"]
[Site "Dortmund"]
[Date "2000.07.15"]
[Round "8"]
[White "Bareev, Evgeny"]
[Black "Akopian, Vladimir Eduardovic"]
[Result "0-1"]
[WhiteElo "2702"]
[BlackElo "2660"]
[Annotator "Wells,P"]
[PlyCount "140"]
[EventDate "2000.07.07"]
[EventType "tourn"]
[EventRounds "9"]
[EventCountry "GER"]
[EventCategory "17"]
[SourceTitle "CBM 078"]
[Source "ChessBase"]
[SourceDate "2000.10.18"]
[SourceVersion "1"]
[SourceVersionDate "2000.10.18"]
[SourceQuality "1"]

1. d4 Nf6 2. c4 e6 3. Nc3 Bb4 4. e3 c5 5. Bd3 d5 6. cxd5 exd5 (6... Nxd5 $5) 7.
Nge2 Nc6 8. a3 cxd4 (8... Bxc3+ 9. bxc3 $14) 9. axb4 {Critical.} (9. exd4 {
does not look dangerous after either} Bd6 ({or} 9... Be7)) 9... dxc3 10. b5 (
10. bxc3 $6 {leaves white looking a little sad on the light-squares.}) 10...
Ne5 11. Nxc3 {[%csl Yb5,Yd4][%cal Ya1a7,Ya1a4,Ya4d4,Yb5c6] Strategically a
very interesting position, and one of considerable importance for theory.
White can boast the bishop pair, the open a-file, and the potential weakness
of black's pawn on d5. In the latter connection the possibility of
manouevering a rook to d4, where the b5 pawn affords it unusual tranquility
should be borne in mind. Black has an active knight on d5, good development,
and the move with which he can decide on which of white's minor plusses to
concentrate.} Bg4 $5 (11... d4 {This liquidates black's weakness, but it is
instructive how much the bishop pair comes to life on the open board here.} 12.
exd4 Qxd4 13. Be2 Qxd1+ 14. Nxd1 $1 Bf5 (14... Nd5 15. Nc3 Be6 16. f4 {Black
would have liked ...Nxc3 and ...Bc4, which this prevents.} Nxc3 17. bxc3 Nc4
18. f5 Bd5 19. Ra4 Nb6 20. Rg4 g6 21. fxg6 hxg6 22. O-O {1/2-1/2 Knaak,
R-Gruenberg,H/Potsdam 1985/MCL (48) and white has excellent prospects on the
dark squares.}) 15. Ra3 $5 {[%csl Gd3]} O-O 16. Bf4 Rfe8 17. Ne3 Ng6 18. Bg3
Bd7 19. O-O Ne4 20. Rd1 Nxg3 21. hxg3 Nf8 22. Rda1 Rab8 23. Rxa7 Re5 24. R7a3
$16 {1-0 Sashikiran,K-Plaskett,J/Hampstead 1998/EXT 99 (54). The knight on e3
is a tower of strength in this variation.}) (11... Qc7 $5 {Leaves the
structure unaffected, but has visions of counterplay on the king-side.} 12. Be2
O-O 13. O-O Rd8 14. Qd4 b6 15. b3 (15. h3 $5) 15... Neg4 16. Bxg4 (16. g3 Nh6
$5 {[%cal Gh6f5,Gd5d4]}) 16... Nxg4 17. f4 Bb7 18. Bb2 f6 19. Ra4 Qe7 20. Rf3
Nh6 21. Rh3 Nf5 22. Qd3 d4 23. Qxf5 g6 24. Rg3 dxc3 25. Bxc3 Rac8 26. Rc4 Rxc4
27. bxc4 Be4 28. Qxf6 {[%csl Ge4,Rg3] 1/2-1/2 Cebalo,M-Gligoric,S/Budva 1986/
EXT 99 (28)}) 12. f3 Nxd3+ 13. Qxd3 Be6 14. Qd4 a6 $1 (14... b6 $6 {[%csl Ra7]}
15. O-O O-O 16. b3 Qe7 17. Bb2 Rfd8 18. Rfc1 Ne8 19. Ra4 f6 20. Rca1 Qf7 21.
Ne2 Rdc8 22. Qd3 Rc7 23. Nd4 Bd7 24. Ra6 Rb7 25. Nc6 $16 {[%csl Yc6] 1-0
Raicevic,V-Marjanovic,S/Nis 1985/EXT 99 (40) might serve as a model for the
sort of smooth day out which white has in mind in this variation.}) 15. bxa6
bxa6 {Now black has no weakness on a7 any more, and white might find his
b-pawn a little uncomfortable too in the event that he fianchettoes his bishop.
} 16. Bd2 O-O 17. Ne2 Re8 18. Bc3 Bd7 19. Nf4 (19. O-O Qe7) 19... Bb5 20. Kf2 {
This is the sort of position where white may not have too much, but should be
able to press gently in relative safety. I think this increases the
psychological effect of finding himself on the wrong end of a dangerous
initiative later.} Rc8 21. b3 {Stopping the entry of one rook, but weakening
the bishop on c3!} Re4 $1 {[%mdl 512] As I discussed in the strategy column,
such a sacrifice has a powerful psychological element since it completely
changes the nature of the play. From nurturing a minescule edge, to solving
practical problems, with the risk of losing back on the agenda.} 22. fxe4 Nxe4+
23. Kg1 Nxc3 24. h4 Ne4 25. Rd1 Qe8 26. Nxd5 h5 {I am sure that black is not
yet theoretically better, but white is required to solve very unusual and
uncomfortable developmental problems in return for the exchange.} 27. Nf4 Ng3
28. Rh3 Ne2+ 29. Nxe2 Bxe2 30. Rd2 Bg4 31. Rh1 Qe6 32. Kh2 Qxb3 33. Rb2 Qe6 34.
Rhb1 Kh7 {Black's positional compensation is enduring too!} 35. Rb6 Qe7 36. Kg3
Bf5 37. Rf1 Bg6 38. Rxa6 Rd8 39. Ra7 Qe8 40. Qf4 Rd5 41. e4 (41. Rf3 {looks
very passive, while}) (41. Rfa1 Rf5 42. Qd4 Qb8+ {is serious counterplay})
41... Rd4 42. Re1 Qc6 43. Rc7 Qb6 44. Kh2 Rb4 45. Re7 Qd8 46. Ra7 Rb2 47. Ra3
Qd4 48. Rf3 Qb4 49. Ree3 Qd2 50. Qg3 Rb1 51. Rf2 Qc1 52. Qf4 Qg1+ 53. Kg3 Qc1
54. Rfe2 Qc5 55. Rd2 Qc1 56. Ree2 Rb3+ 57. Kh2 Rb1 58. Qe3 Rb4 59. Rd5 Qc7+ 60.
Qg3 Qc4 61. Qf3 Qc7+ 62. g3 Qc1 63. Red2 Rb8 64. Rf2 Qc4 65. Qe2 Qc7 66. Qe3
Rb1 {It seems to be extremely difficult to make progress, especially since
black was able to force the weakness with g3. However, the following blunders
gives g3 a terrible role in the game.} 67. Qc5 $2 Bxe4 68. Rxh5+ $2 (68. Kh3
$13) 68... Kg8 69. Rg2 (69. Kh3 Qd7+ $19) 69... Qd7 70. Qf2 Qd1 0-1

[Event "Scandic Hotels CC"]
[Site "Stockholm"]
[Date "1999.08.04"]
[Round "5"]
[White "Tella, Jussi"]
[Black "Yakovich, Yuri"]
[Result "1/2-1/2"]
[WhiteElo "2430"]
[BlackElo "2590"]
[Annotator "Wells,P"]
[PlyCount "48"]
[EventDate "1999.07.31"]
[EventType "tourn"]
[EventRounds "9"]
[EventCountry "SWE"]
[EventCategory "9"]
[SourceTitle "CBM 073"]
[Source "ChessBase"]
[SourceDate "1999.12.01"]
[SourceVersion "1"]
[SourceVersionDate "1999.12.01"]
[SourceQuality "1"]

1. d4 Nf6 2. c4 e6 3. Nc3 Bb4 4. e3 c5 5. Bd3 Nc6 6. Nf3 Bxc3+ 7. bxc3 d6 8.
O-O e5 9. Nd2 ({A related plan of piece-play in which white also tries to
prove that occupying the hole at d5 with his bishop turns a potential problem
piece into a strong one commences with} 9. Qc2 O-O {and now the manouevre
Ng5-e4, with or without exchanging in the centre first viz:} 10. Ng5 ({or} 10.
dxe5 dxe5 11. Ng5 h6 12. Ne4 Qe7 $5 {looks like a loss of tempo, but if black
can avoid playing ...b6 then he retains the option of putting his bishop on e6.
} (12... b6 {also looks fine, eg.} 13. Nxf6+ Qxf6 14. Be4 Ba6 15. Bd5 Rad8 16.
Rd1 Na5 17. e4 Bxc4 18. Be3 Rd6 $6 (18... Qe7 $5) 19. Qa4 Bxd5 20. exd5 c4 21.
Bc5 $1 bxc5 22. Qxa5 $132 {[%csl Ra7,Rc4,Rc5][%cal Yd5d6] 1/2-1/2 Kaczorowski,
P-Brodsky,M/Warsaw 1993 (43)}) 13. Nxf6+ (13. Rb1 $5) 13... Qxf6 14. Be4 Be6
15. Bd5 Rad8 16. e4 Na5 17. Qe2 b6 18. Bd2 Qg6 19. f4 exf4 20. Rxf4 Rfe8 $15 {
0-1 Levitt,J-Vyzmanavin,A/Moscow-A 1988/CBM 09 (27) Further evidence that even
after white has pleasantly installed his bishop on d5, black can still find
counterplay against his various weak pawns.}) 10... h6 11. Nh7 $5 (11. Ne4 b6
12. Nxf6+ Qxf6 13. Be4 Bb7 14. dxc5 dxc5 15. Bd5 Na5 $1 16. e4 Qg6 17. f4 {
1/2-1/2 Yusupov,A-Ivanchuk,V/Bruxelles (m/10) 1991 (46)} exf4 $1 18. Bxf4 Rad8
$15 {Yusupov.}) 11... Nxh7 12. Bxh7+ Kh8 13. Be4 exd4 (13... f5 $5 14. Bd5 cxd4
15. cxd4 e4 $11 {-Rogers.}) 14. cxd4 cxd4 15. Bb2 $6 (15. Rd1 $44 {-Rogers.})
15... dxe3 16. Qc3 f6 17. Qxe3 Qb6 $1 $15 {0-1 Pliester,L-Van der Wiel,J/
Leeuwarden 1993 (30)}) 9... O-O (9... Qe7 $6 10. d5 $1 {now that the e7 square
is taken from black's knight this advance makes good sense.} Nb8 11. e4 Nbd7
12. Re1 $1 Nf8 (12... O-O 13. Nf1 Ne8 14. Ng3 g6 15. Bh6 Ng7 16. Qd2 f6 17. h4
$36 {1-0 Vaganian,R-Yusupov,A/Barcelona WCup 1989 (61)}) 13. Nf1 Ng6 14. Ng3
$16 {[%csl Rf5][%cal Yg3f5] Vaganian.}) 10. Ne4 {The evidence, this game
included, is that this is perhaps a bit too direct to cause real problems.} (
10. Rb1 $5 {is the move that has been causing the problems in recent years.}
Qe7 $5 11. d5 {as so often when the knight has no retreat to e7. Here, however,
black has a special idea in mind.} e4 $1 12. Nxe4 Nxe4 13. dxc6 bxc6 14. Qc2 f5
$1 {[%csl Ge4] Otherwise white can play f3 and e4 and the bishop pair, along
with the potential weakness of black's d6 pawn offers him good play.} (14...
Nf6 $6 {[%cal Yf2f3,Ye3e4,Yc1f4]}) 15. f3 Nf6 $1 (15... Ng5 $6 $16) 16. Bd2 (
16. Bxf5 Bxf5 17. Qxf5 Nd7 18. Qc2 Ne5 $13 {[%csl Rc4]}) (16. Re1 Be6 17. e4
Qf7 $1 $132) 16... Be6 17. Rfe1 Nd7 18. Rb7 Qd8 19. Qa4 Qc8 20. Rxa7 Ne5 21.
Bf1 Rxa7 {1/2-1/2 Alterman,B-Greenfeld,A/Rishon le Zion 1996/CBM 53 (21) [
Alterman ].}) 10... Bf5 $5 11. Ng3 (11. Nxf6+ Qxf6 12. e4 Bd7 13. d5 Ne7 14.
Rb1 b6 15. f3 Qg6 16. a4 f5 17. a5 fxe4 18. Bxe4 Bf5 19. Re1 Nc8 20. Qa4 Bxe4
21. fxe4 bxa5 22. Qxa5 Nb6 23. Qa2 Qf7 24. Be3 Qd7 25. Bg5 h6 26. Bh4 Rac8 27.
h3 Rf4 28. Bg3 Rf7 29. Ra1 Qe7 30. Qe2 Qg5 31. Kh2 Rcf8 32. Ra6 h5 33. h4 Qg4
34. Qxg4 hxg4 35. Re2 Kh7 36. Be1 Kg6 37. Kg3 Kh5 38. Bd2 Nxc4 39. Bg5 Rb8 40.
Ra4 Nb6 41. Ra6 Rbb7 42. Rea2 Nc4 43. Kh2 Rfd7 44. Rc6 Rb3 45. Rc8 Rxc3 46. Ra1
Kg6 47. Rh8 a5 48. Rf1 Rf7 49. h5+ Kxg5 50. Rxf7 Kh4 51. h6 g3+ 52. Kg1 gxh6
53. Rxh6+ Kg5 54. Rhh7 Rc1+ 55. Rf1 Rxf1+ 56. Kxf1 Kf4 57. Rg7 Ne3+ 58. Kg1 c4
{0-1 Garcia Martinez,S-Tiviakov,S/Linares 1999 (58)}) (11. Nxc5 $4 e4 $17)
11... Bg6 (11... Bxd3 12. Qxd3 {[%cal Yg3f5,Yf2f3,Ye3e4] is also playable, but
black sensibly opts to keep the f5 square under better control.}) 12. d5 (12.
Be2 Qa5 13. Bb2 (13. d5 Ne7 14. f4 exf4 15. exf4 Qxc3 16. Bd2 Qd4+ 17. Kh1 Nf5
$17) 13... Rae8 14. f4 exf4 15. exf4 h6 16. f5 Bh7 17. Bf3) 12... e4 (12... Ne7
13. e4 $1 $14 {[%csl Re7,Rg6][%cal Yf2f4,Re7g6]}) 13. Nxe4 (13. dxc6 exd3 14.
f4 Be4 (14... Ne4 $4 15. f5 {[%csl Rg6]}) 15. Nxe4 Nxe4 16. cxb7 Rb8 17. Qxd3
Qe7 $44 {[%csl Rc1]}) (13. Be2 Ne5 14. f4 exf3 15. gxf3 Ned7 16. e4 $13 {
[%csl Rg6]} (16. f4 $6 Be4 (16... h6 $5))) 13... Bxe4 14. Bxe4 Nxe4 15. dxc6
bxc6 16. f3 Nf6 17. e4 Re8 18. Bg5 h6 19. Bh4 Re6 20. Qa4 Qc7 21. Rfd1 Nd7 22.
Bg3 Rae8 23. Rd2 Nb6 24. Qb3 Rd8 1/2-1/2